[Event "BLR-ch"]
[Site "Minsk"]
[Date "2006.03.11"]
[Round "8"]
[White "Novitzkij, Dmitrij"]
[Black "Zhigalko, Sergei"]
[Result "1/2-1/2"]
[WhiteElo "2373"]
[BlackElo "2496"]
[PlyCount "70"]
[EventDate "2006.03.04"]
[EventType "tourn"]
[EventRounds "13"]
[EventCountry "BLR"]
[EventCategory "10"]
[SourceTitle "CBM 111 Extra"]
[Source "ChessBase"]
[SourceDate "2006.05.09"]
[SourceVersion "1"]
[SourceVersionDate "2006.05.09"]
[SourceQuality "1"]

1. e4 c5 2. Nc3 Nc6 3. f4 g6 4. Nf3 Bg7 5. g3 d6 6. Bg2 e6 7. d3 Nge7 8. O-O O-O 9. Be3 Rb8 10. Rb1 b5 11. a3 Nd4 12. Ne2 Nxf3+ 13. Bxf3 a5 14. c3 b4 15. axb4 axb4 16. Qd2 Qb6 17. Ra1 Rd8 18. d4 Ba6 19. Rfd1 Nc6 20. dxc5 dxc5 21. Qe1 Rxd1 22. Rxd1 bxc3 23. bxc3 Na5 24. Qf2 Bf8 25. f5 Nc4 26. fxe6 fxe6 27. Bf4 e5 28. Bg5 Bc8 29. Rd8 Be6 30. Rxb8 Qxb8 31. Bg2 Qb2 32. Qf6 Bf7 33. Qd8 Qb6 34. Qxb6 Nxb6 35. Bh3 Bc4 1/2-1/2

[Event "BLR-ch"]
[Site "Minsk"]
[Date "2006.03.12"]
[Round "9"]
[White "Zhigalko, Sergei"]
[Black "Tihonov, Jurij"]
[Result "0-1"]
[WhiteElo "2496"]
[BlackElo "2492"]
[PlyCount "160"]
[EventDate "2006.03.04"]
[EventType "tourn"]
[EventRounds "13"]
[EventCountry "BLR"]
[EventCategory "10"]
[SourceTitle "CBM 111 Extra"]
[Source "ChessBase"]
[SourceDate "2006.05.09"]
[SourceVersion "1"]
[SourceVersionDate "2006.05.09"]
[SourceQuality "1"]

1. e4 c5 2. Nf3 d6 3. d4 cxd4 4. Qxd4 Nc6 5. Bb5 Bd7 6. Bxc6 Bxc6 7. Nc3 Nf6 8. Bg5 e6 9. O-O-O Be7 10. Rhe1 a6 11. Kb1 Rc8 12. Qd2 Qa5 13. Nd4 h6 14. Bh4 Qh5 15. Bg3 O-O 16. f3 Rfd8 17. h4 Nd7 18. Bf2 Ne5 19. g4 Qg6 20. Qe2 Be8 21. f4 Nc6 22. f5 Qh7 23. h5 Nxd4 24. Bxd4 Bc6 25. a4 Kh8 26. Rf1 e5 27. Be3 f6 28. Nd5 Bxd5 29. Rxd5 Qg8 30. Rfd1 Rc6 31. b3 Rdc8 32. c4 b6 33. Bc1 Qd8 34. Ba3 Qc7 35. Qd2 Qb7 36. Ka2 Kh7 37. Qe1 Rd8 38. R1d3 Qb8 39. Qd1 Kh8 40. Qd2 Kh7 41. Qd1 Qc7 42. Kb2 Qb8 43. Qd2 Qc7 44. Bb4 Qb8 45. Ba3 Qc7 46. Kb1 Qb8 47. Ka2 Qc7 48. Qd1 Qb8 49. Qc1 Qb7 50. Qd2 Qb8 51. Bb4 Rd7 52. Kb2 Rd8 53. Ba3 Qc7 54. Qf2 Rb8 55. Qd2 Rd8 56. Bb4 Qb8 57. Qf2 Rdc8 58. Qd2 Rd8 59. Ka2 Rd7 60. Qd1 Rd8 61. Ba3 Qc7 62. Rd2 Qb8 63. Bb4 Kh8 64. Qf1 Kh7 65. Ba3 Qc7 66. Qd1 Qb8 67. a5 bxa5 68. c5 Bf8 69. cxd6 Qb6 70. g5 hxg5 71. h6 gxh6 72. Qh5 a4 73. bxa4 Rb8 74. Rb2 Rc2 75. Rdb5 axb5 76. Rxc2 b4 77. Qg6+ Kh8 78. Rh2 b3+ 79. Kb1 Qg1+ 80. Bc1 Qxh2 0-1

[Event "BLR-ch"]
[Site "Minsk"]
[Date "2006.03.14"]
[Round "11"]
[White "Zhigalko, Sergei"]
[Black "Maljush, Andrej"]
[Result "1-0"]
[WhiteElo "2496"]
[BlackElo "2355"]
[PlyCount "79"]
[EventDate "2006.03.04"]
[EventType "tourn"]
[EventRounds "13"]
[EventCountry "BLR"]
[EventCategory "10"]
[SourceTitle "CBM 111 Extra"]
[Source "ChessBase"]
[SourceDate "2006.05.09"]
[SourceVersion "1"]
[SourceVersionDate "2006.05.09"]
[SourceQuality "1"]

1. e4 c5 2. Nf3 d6 3. d4 cxd4 4. Nxd4 Nf6 5. Nc3 a6 6. Be3 e6 7. g4 e5 8. Nf5 g6 9. g5 gxf5 10. exf5 Bxf5 11. gxf6 Be6 12. Qf3 h5 13. Qxb7 Nd7 14. Bxa6 Rb8 15. Qc6 Bh6 16. Bb5 Bxe3 17. fxe3 Rb6 18. Qg2 Qxf6 19. O-O-O Ke7 20. a4 Qh6 21. Qd2 Ra8 22. Rhg1 Nf6 23. e4 Qxd2+ 24. Kxd2 h4 25. Rde1 Rbb8 26. b3 Rg8 27. Bc6 Rac8 28. Bb7 Rxg1 29. Rxg1 Rb8 30. Bc6 Ng4 31. Nd5+ Bxd5 32. Bxd5 Nxh2 33. Ke2 f5 34. exf5 Rb4 35. Rh1 Rd4 36. c4 Ng4 37. Rxh4 Kf6 38. Bf3 Ne3 39. Rxd4 exd4 40. a5 1-0

[Event "BLR-ch"]
[Site "Minsk"]
[Date "2006.03.15"]
[Round "12"]
[White "Smirnov, Valerij"]
[Black "Zhigalko, Sergei"]
[Result "1/2-1/2"]
[WhiteElo "2403"]
[BlackElo "2496"]
[PlyCount "52"]
[EventDate "2006.03.04"]
[EventType "tourn"]
[EventRounds "13"]
[EventCountry "BLR"]
[EventCategory "10"]
[SourceTitle "CBM 111 Extra"]
[Source "ChessBase"]
[SourceDate "2006.05.09"]
[SourceVersion "1"]
[SourceVersionDate "2006.05.09"]
[SourceQuality "1"]

1. e4 c5 2. Nf3 Nc6 3. Bb5 Nf6 4. Nc3 Qc7 5. O-O Nd4 6. Re1 a6 7. Bf1 Ng4 8. g3 Nxf3+ 9. Qxf3 Ne5 10. Qe2 e6 11. d3 d6 12. Bg2 Be7 13. f4 Nc6 14. Nd1 O-O 15. c3 b6 16. Be3 Bb7 17. Nf2 Rad8 18. d4 Rfe8 19. Rad1 Bf8 20. h4 Kh8 21. h5 f5 22. g4 fxg4 23. Qxg4 cxd4 24. cxd4 d5 25. e5 Qd7 26. Nh3 Nb4 1/2-1/2

[Event "BLR-ch U20"]
[Site "Minsk"]
[Date "2006.04.07"]
[Round "1"]
[White "Zhigalko, Sergei"]
[Black "Gorovets, Andrey"]
[Result "1/2-1/2"]
[WhiteElo "2505"]
[BlackElo "2352"]
[PlyCount "86"]
[EventDate "2006.04.07"]
[EventType "tourn"]
[EventRounds "9"]
[EventCountry "BLR"]
[EventCategory "2"]
[SourceTitle "CBM 111 Extra"]
[Source "ChessBase"]
[SourceDate "2006.05.09"]
[SourceVersion "1"]
[SourceVersionDate "2006.05.09"]
[SourceQuality "1"]

1. e4 c6 2. d4 d5 3. e5 Bf5 4. Nf3 e6 5. Be2 Nd7 6. O-O h5 7. b3 b5 8. c4 Rb8 9. c5 Be7 10. b4 Nh6 11. Nc3 Bg4 12. a4 a6 13. Bxh6 Rxh6 14. h3 Bxf3 15. Bxf3 g6 16. g3 Kf8 17. Bg2 Kg7 18. Qd3 Rh8 19. f4 a5 20. bxa5 b4 21. Nb1 b3 22. Qc3 Qf8 23. Kh1 Bxc5 24. dxc5 Qxc5 25. a6 Rb4 26. Qb2 Qa7 27. Nd2 Rhb8 28. Rf3 Nc5 29. a5 Na4 30. Qa3 b2 31. Rb1 c5 32. f5 c4 33. fxe6 fxe6 34. Bf1 Qd4 35. a7 Qxa7 36. Rf6 Qd4 37. Qf3 Qxd2 38. Rf7+ Kh6 39. Qf6 Rg8 40. Qe7 Rh8 41. Qf6 Rg8 42. Qe7 Rh8 43. Qf6 Rg8 1/2-1/2

[Event "BLR-ch U20"]
[Site "Minsk"]
[Date "2006.04.08"]
[Round "2"]
[White "Nesterenko, Pavel"]
[Black "Zhigalko, Sergei"]
[Result "0-1"]
[WhiteElo "2331"]
[BlackElo "2505"]
[PlyCount "84"]
[EventDate "2006.04.07"]
[EventType "tourn"]
[EventRounds "9"]
[EventCountry "BLR"]
[EventCategory "2"]
[SourceTitle "CBM 111 Extra"]
[Source "ChessBase"]
[SourceDate "2006.05.09"]
[SourceVersion "1"]
[SourceVersionDate "2006.05.09"]
[SourceQuality "1"]

1. e4 c5 2. Nf3 Nc6 3. d4 cxd4 4. Nxd4 Nf6 5. Nc3 e5 6. Ndb5 d6 7. Bg5 a6 8. Na3 b5 9. Bxf6 gxf6 10. Nd5 Bg7 11. Bd3 Ne7 12. Nxe7 Qxe7 13. O-O O-O 14. c3 f5 15. Nc2 f4 16. a4 bxa4 17. Rxa4 Qg5 18. Be2 Rd8 19. Nb4 Bb7 20. Nd5 Kh8 21. Rb4 Bc8 22. Kh1 a5 23. Rb6 Rg8 24. Rg1 Qd8 25. Bg4 Be6 26. Rb3 Ra7 27. c4 Qc8 28. Be2 f5 29. f3 fxe4 30. fxe4 Bf8 31. Qe1 Qc5 32. Rb8 Bxd5 33. cxd5 Rag7 34. Bf3 Be7 35. Rb3 Bd8 36. Rc3 Qb4 37. Qe2 Bb6 38. Ra1 Bd4 39. Rc4 Qb5 40. Rb1 Qb3 41. Rc6 a4 42. Qc4 Qxf3 0-1

[Event "BLR-ch U20"]
[Site "Minsk"]
[Date "2006.04.09"]
[Round "3"]
[White "Zhigalko, Sergei"]
[Black "Redko, Stepan"]
[Result "1-0"]
[WhiteElo "2505"]
[BlackElo "2228"]
[PlyCount "63"]
[EventDate "2006.04.07"]
[EventType "tourn"]
[EventRounds "9"]
[EventCountry "BLR"]
[EventCategory "2"]
[SourceTitle "CBM 111 Extra"]
[Source "ChessBase"]
[SourceDate "2006.05.09"]
[SourceVersion "1"]
[SourceVersionDate "2006.05.09"]
[SourceQuality "1"]

1. e4 e6 2. d4 d5 3. e5 c5 4. c3 Qb6 5. Nf3 Nc6 6. a3 Bd7 7. b4 cxd4 8. cxd4 Rc8 9. Bb2 Na5 10. Nbd2 Nc4 11. Nxc4 dxc4 12. Rc1 Qa6 13. d5 exd5 14. Qxd5 Ne7 15. Qd2 b5 16. Be2 Rd8 17. Rd1 Nc6 18. Qg5 Nxb4 19. O-O h6 20. Qg3 Nc6 21. Nh4 Be6 22. Bg4 Qa4 23. Qf3 Bxg4 24. Qxc6+ Bd7 25. Rxd7 Rxd7 26. e6 fxe6 27. Qc8+ Rd8 28. Qxe6+ Be7 29. Ng6 Rd7 30. Nxh8 Rd1 31. Qc8+ Bd8 32. Qc6+ 1-0

[Event "BLR-ch U20"]
[Site "Minsk"]
[Date "2006.04.10"]
[Round "4"]
[White "Mokriy, Alexandr"]
[Black "Zhigalko, Sergei"]
[Result "0-1"]
[WhiteElo "2188"]
[BlackElo "2505"]
[PlyCount "60"]
[EventDate "2006.04.07"]
[EventType "tourn"]
[EventRounds "9"]
[EventCountry "BLR"]
[EventCategory "2"]
[SourceTitle "CBM 111 Extra"]
[Source "ChessBase"]
[SourceDate "2006.05.09"]
[SourceVersion "1"]
[SourceVersionDate "2006.05.09"]
[SourceQuality "1"]

1. e4 c5 2. Nf3 Nc6 3. d4 cxd4 4. Nxd4 Nf6 5. Nc3 e5 6. Ndb5 d6 7. Bg5 a6 8. Na3 b5 9. Nd5 Be7 10. Bxf6 Bxf6 11. c3 Bg5 12. Nc2 Ne7 13. Nce3 Bxe3 14. Nxe3 Bb7 15. a4 b4 16. Nc4 d5 17. exd5 Nxd5 18. cxb4 Qe7 19. Be2 Rd8 20. Qb3 Nf4 21. Ne3 O-O 22. Rg1 Qh4 23. h3 Nxe2 24. Kxe2 Rd2+ 25. Kxd2 Qxf2+ 26. Kc1 Qxg1+ 27. Nd1 Rc8+ 28. Kb1 Rd8 29. Kc1 Qxg2 30. Ra3 Qd2+ 0-1

[Event "BLR-ch U20"]
[Site "Minsk"]
[Date "2006.04.11"]
[Round "5"]
[White "Zhigalko, Sergei"]
[Black "Podolchenko, Evgeniy"]
[Result "1/2-1/2"]
[WhiteElo "2505"]
[BlackElo "2252"]
[PlyCount "53"]
[EventDate "2006.04.07"]
[EventType "tourn"]
[EventRounds "9"]
[EventCountry "BLR"]
[EventCategory "2"]
[SourceTitle "CBM 111 Extra"]
[Source "ChessBase"]
[SourceDate "2006.05.09"]
[SourceVersion "1"]
[SourceVersionDate "2006.05.09"]
[SourceQuality "1"]

1. e4 e6 2. d4 d5 3. e5 c5 4. c3 Qb6 5. Nf3 Nc6 6. a3 Bd7 7. b4 cxd4 8. cxd4 Rc8 9. Bb2 Na5 10. Nbd2 Nc4 11. Nxc4 dxc4 12. Rc1 Qa6 13. d5 exd5 14. Qxd5 Ne7 15. Qe4 b5 16. Be2 Qg6 17. Qe3 Nd5 18. Qd2 Be6 19. O-O Be7 20. Kh1 O-O 21. Nd4 Rfd8 22. f4 c3 23. Bxc3 Nxc3 24. Rxc3 Rxc3 25. Qxc3 Qe4 26. f5 Rxd4 27. Bf3 1/2-1/2

[Event "BLR-ch U20"]
[Site "Minsk"]
[Date "2006.04.12"]
[Round "6"]
[White "Zhigalko, Sergei"]
[Black "Pogosian, Manvel"]
[Result "1-0"]
[WhiteElo "2505"]
[BlackElo "2144"]
[PlyCount "131"]
[EventDate "2006.04.07"]
[EventType "tourn"]
[EventRounds "9"]
[EventCountry "BLR"]
[EventCategory "2"]
[SourceTitle "CBM 111 Extra"]
[Source "ChessBase"]
[SourceDate "2006.05.09"]
[SourceVersion "1"]
[SourceVersionDate "2006.05.09"]
[SourceQuality "1"]

1. e4 c6 2. d4 d5 3. e5 Bf5 4. Nf3 e6 5. Be2 c5 6. Be3 Nc6 7. dxc5 Bg4 8. Nbd2 Nge7 9. c3 Ng6 10. Qa4 Bxf3 11. Nxf3 Be7 12. Bb5 O-O 13. Bxc6 bxc6 14. Qxc6 Qb8 15. O-O Rc8 16. Qa6 Bxc5 17. Bxc5 Rxc5 18. Qe2 Rc4 19. Rfe1 Re4 20. Qc2 Nxe5 21. Rxe4 Nxf3+ 22. gxf3 dxe4 23. Qxe4 Qd8 24. Qe2 Qg5+ 25. Kh1 Rd8 26. Rd1 Rb8 27. b4 h6 28. a3 Qf6 29. c4 Rc8 30. c5 a5 31. Qe4 Qb2 32. c6 Qxf2 33. b5 a4 34. Qd3 g6 35. Rd2 Qe1+ 36. Kg2 Qe5 37. Qd7 Qg5+ 38. Kh1 Kg7 39. Qd4+ Kh7 40. Qd3 Rc7 41. Rd1 Qc5 42. Kg2 Qg5+ 43. Kh1 Qc5 44. Rb1 Qg5 45. Qe4 Qe7 46. b6 Rc8 47. b7 Rb8 48. Qxa4 Qd6 49. Rd1 Qc5 50. Qe4 Qb6 51. a4 h5 52. Rd2 Qa6 53. Kg2 Qa5 54. Qf4 Rf8 55. Rd7 Qe1 56. Rxf7+ Rxf7 57. Qxf7+ Kh6 58. Qf4+ Kh7 59. Qd4 Qe2+ 60. Qf2 Qe5 61. Qd2 h4 62. a5 g5 63. Qc2+ Kg7 64. c7 g4 65. c8=Q h3+ 66. Kf1 1-0

[Event "BLR-ch U20"]
[Site "Minsk"]
[Date "2006.04.13"]
[Round "7"]
[White "Smolich, Pavel"]
[Black "Zhigalko, Sergei"]
[Result "1-0"]
[WhiteElo "2142"]
[BlackElo "2505"]
[PlyCount "123"]
[EventDate "2006.04.07"]
[EventType "tourn"]
[EventRounds "9"]
[EventCountry "BLR"]
[EventCategory "2"]
[SourceTitle "CBM 111 Extra"]
[Source "ChessBase"]
[SourceDate "2006.05.09"]
[SourceVersion "1"]
[SourceVersionDate "2006.05.09"]
[SourceQuality "1"]

1. d4 Nf6 2. c4 e6 3. Nf3 b6 4. g3 Ba6 5. b3 Bb4+ 6. Bd2 Be7 7. Bg2 c6 8. Bc3 d5 9. Nbd2 Nbd7 10. Qc2 c5 11. e4 Rc8 12. exd5 exd5 13. O-O O-O 14. Ne5 cxd4 15. Bxd4 Nxe5 16. Bxe5 b5 17. Rfd1 Qb6 18. Bxf6 Bxf6 19. Rab1 Rfe8 20. Bxd5 Re2 21. Rf1 Qd4 22. Qf5 Rxd2 23. Qd7 Rf8 24. Rbe1 Be5 25. Qe7 bxc4 26. Rxe5 g6 27. Qf6 Bb5 28. a4 Bd7 29. bxc4 Bxa4 30. Kg2 Bd7 31. Rfe1 Qc5 32. Bxf7+ Rxf7 33. Qxf7+ Kxf7 34. Rxc5 Kf6 35. Rc7 a5 36. c5 a4 37. Re3 h5 38. h4 Kf5 39. Rf3+ Ke5 40. Rf8 a3 41. c6 Be6 42. Re7 a2 43. c7 Rc2 44. c8=Q Rxc8 45. Rxc8 a1=Q 46. Rc6 Qa2 47. Rexe6+ Qxe6 48. Rxe6+ Kxe6 49. Kf3 Kf5 50. g4+ hxg4+ 51. Kg3 Ke5 52. Kxg4 Kf6 53. Kf4 Kg7 54. Kg5 Kf7 55. h5 gxh5 56. Kxh5 Kf6 57. Kg4 Ke5 58. Kg5 Ke6 59. f4 Ke7 60. Kg6 Kf8 61. Kf6 Ke8 62. Kg7 1-0

[Event "BLR-ch U20"]
[Site "Minsk"]
[Date "2006.04.14"]
[Round "8"]
[White "Zhigalko, Sergei"]
[Black "Stupak, Kirill"]
[Result "1/2-1/2"]
[WhiteElo "2505"]
[BlackElo "2414"]
[PlyCount "45"]
[EventDate "2006.04.07"]
[EventType "tourn"]
[EventRounds "9"]
[EventCountry "BLR"]
[EventCategory "2"]
[SourceTitle "CBM 111 Extra"]
[Source "ChessBase"]
[SourceDate "2006.05.09"]
[SourceVersion "1"]
[SourceVersionDate "2006.05.09"]
[SourceQuality "1"]

1. e4 e6 2. d4 d5 3. e5 c5 4. c3 Qb6 5. Nf3 Bd7 6. a3 a5 7. b3 Nc6 8. Be3 cxd4 9. cxd4 Nge7 10. Bd3 Nf5 11. Bxf5 exf5 12. Nc3 Be6 13. O-O Be7 14. Na4 Qa7 15. Nc5 O-O 16. Rc1 Rac8 17. Ng5 Bxc5 18. Rxc5 h6 19. Nh3 b6 20. Rc3 Ne7 21. Rd3 Ng6 22. Qh5 Qe7 23. Bc1 1/2-1/2

[Event "Minsk Inautomarket op"]
[Site "Minsk"]
[Date "2006.07.10"]
[Round "1"]
[White "Khachykian, David"]
[Black "Zhigalko, Sergei"]
[Result "0-1"]
[WhiteElo "2163"]
[BlackElo "2487"]
[PlyCount "100"]
[EventDate "2006.07.10"]
[EventType "swiss"]
[EventRounds "9"]
[EventCountry "BLR"]
[SourceTitle "CBM 113 Extra"]
[Source "ChessBase"]
[SourceDate "2006.09.14"]
[SourceVersion "1"]
[SourceVersionDate "2006.09.14"]
[SourceQuality "1"]

1. c4 e5 2. g3 Nf6 3. Bg2 Nc6 4. Nc3 Bb4 5. e4 O-O 6. Nge2 d6 7. O-O a6 8. d3 Bc5 9. a3 h6 10. b4 Ba7 11. Be3 Bxe3 12. fxe3 Nh7 13. Qd2 Be6 14. Rac1 Ne7 15. Nd5 Ng6 16. c5 dxc5 17. bxc5 Qd7 18. Qa5 c6 19. Nb6 Qxd3 20. Nxa8 Qxe2 21. Nb6 Qxe3+ 22. Kh1 Nf6 23. Qc3 Qg5 24. Bf3 h5 25. Rce1 Rd8 26. Qe3 Qxe3 27. Rxe3 Rd2 28. Na4 h4 29. Rd1 Rc2 30. Rc3 Ra2 31. Rdc1 h3 32. Nb6 Rd2 33. Nc4 Rd4 34. Nd6 Nf8 35. Rd1 Ra4 36. Re3 N8h7 37. Nxb7 Ng5 38. Nd8 Bd7 39. Kg1 Nxf3+ 40. Rxf3 Bg4 41. Rdf1 Bxf3 42. Rxf3 Rc4 43. Nxc6 Rxc5 44. Nb4 Ng4 45. Rf1 Rc3 46. Nxa6 Rc2 47. Nb4 Rg2+ 48. Kh1 Rxh2+ 49. Kg1 Rg2+ 50. Kh1 Nf2+ 0-1

[Event "Minsk Inautomarket op"]
[Site "Minsk"]
[Date "2006.07.11"]
[Round "2"]
[White "Zhigalko, Sergei"]
[Black "Doukhine, Iokhan"]
[Result "0-1"]
[WhiteElo "2487"]
[BlackElo "2332"]
[PlyCount "114"]
[EventDate "2006.07.10"]
[EventType "swiss"]
[EventRounds "9"]
[EventCountry "BLR"]
[SourceTitle "CBM 113 Extra"]
[Source "ChessBase"]
[SourceDate "2006.09.14"]
[SourceVersion "1"]
[SourceVersionDate "2006.09.14"]
[SourceQuality "1"]

1. e4 c5 2. Nf3 d6 3. d4 cxd4 4. Qxd4 Nf6 5. Bg5 Nc6 6. Bb5 Bd7 7. Bxc6 Bxc6 8. Nc3 e6 9. O-O-O Be7 10. Rhe1 O-O 11. Qd2 h6 12. Bh4 Nxe4 13. Nxe4 Bxh4 14. Nxd6 Bxf3 15. gxf3 Qb6 16. Re4 Bf6 17. Nc4 Qb5 18. Rg1 Kh8 19. Qe3 Rac8 20. Ne5 Bxe5 21. Rxe5 Qc4 22. Qb3 Qf4+ 23. Qe3 Qxh2 24. Re1 a6 25. Kb1 Rfd8 26. f4 Qg2 27. Re4 Qg4 28. f3 Qg2 29. Qb3 Rd2 30. c4 Rcd8 31. a3 R8d7 32. R4e3 Rf2 33. Ka2 Rf1 34. c5 Rxe1 35. Rxe1 Qd2 36. Re4 Qd5 37. Rb4 h5 38. Qxd5 exd5 39. Rb6 h4 40. c6 bxc6 41. Rxc6 d4 42. Rc2 d3 43. Rd2 Kh7 44. Kb1 Kg6 45. Kc1 Kf5 46. Rh2 d2+ 47. Kd1 Kxf4 48. Rxh4+ Kxf3 49. Rh3+ Kg4 50. Rh1 f5 51. Rg1+ Kf3 52. Rf1+ Ke4 53. b4 f4 54. Rf2 f3 55. a4 Ke3 56. Rh2 f2 57. Rh1 Kf3 0-1

[Event "Minsk Inautomarket op"]
[Site "Minsk"]
[Date "2006.07.14"]
[Round "5"]
[White "Zaiatz, Elena"]
[Black "Zhigalko, Sergei"]
[Result "1/2-1/2"]
[WhiteElo "2405"]
[BlackElo "2487"]
[PlyCount "89"]
[EventDate "2006.07.10"]
[EventType "swiss"]
[EventRounds "9"]
[EventCountry "BLR"]
[SourceTitle "CBM 113 Extra"]
[Source "ChessBase"]
[SourceDate "2006.09.14"]
[SourceVersion "1"]
[SourceVersionDate "2006.09.14"]
[SourceQuality "1"]

1. d4 Nf6 2. c4 e6 3. Nc3 Bb4 4. Qc2 O-O 5. e4 d5 6. e5 Ne4 7. a3 Bxc3+ 8. bxc3 c5 9. Bb2 cxd4 10. cxd4 Qa5+ 11. Ke2 f5 12. f3 Ng5 13. h4 Nf7 14. Kf2 Nc6 15. Bc3 Qd8 16. cxd5 exd5 17. Ne2 Nh8 18. g3 Rb8 19. Bb4 Nxb4 20. axb4 a6 21. h5 Nf7 22. Nf4 Ng5 23. Qb3 Be6 24. Ra5 Bf7 25. Rxd5 Qe8 26. b5 Ne6 27. Bc4 Nxf4 28. Rd6 Nxh5 29. Rxh5 Bxc4 30. Qxc4+ Kh8 31. Rh1 Rc8 32. Qb3 axb5 33. Kg2 Qe7 34. f4 Rc6 35. Rxc6 bxc6 36. Rc1 Qd7 37. Qc3 Qd5+ 38. Kh3 Rg8 39. Qxc6 Qxd4 40. e6 Qe3 41. Rc3 Qe1 42. Rc1 Qe3 43. Rc3 Qe1 44. Rc1 Qe3 45. Rc3 1/2-1/2

[Event "Minsk Inautomarket op"]
[Site "Minsk"]
[Date "2006.07.15"]
[Round "6"]
[White "Zhigalko, Sergei"]
[Black "Potapov, Alexey"]
[Result "1-0"]
[WhiteElo "2487"]
[BlackElo "2235"]
[PlyCount "71"]
[EventDate "2006.07.10"]
[EventType "swiss"]
[EventRounds "9"]
[EventCountry "BLR"]
[SourceTitle "CBM 113 Extra"]
[Source "ChessBase"]
[SourceDate "2006.09.14"]
[SourceVersion "1"]
[SourceVersionDate "2006.09.14"]
[SourceQuality "1"]

1. e4 e6 2. d4 d5 3. e5 c5 4. c3 Nc6 5. Nf3 Bd7 6. Be2 Rc8 7. O-O Nge7 8. Re1 Ng6 9. g3 Be7 10. h4 h6 11. a3 cxd4 12. cxd4 Na5 13. Nc3 Qb6 14. Ra2 Nc4 15. h5 Nf8 16. Na4 Qc7 17. Nc5 b6 18. Nxd7 Nxd7 19. Bd3 Qb7 20. Qe2 Rc7 21. Nd2 Nxd2 22. Bxd2 O-O 23. Raa1 Qb8 24. Qg4 Kh8 25. f4 Qd8 26. Re2 Re8 27. Rf1 f5 28. Qh3 Nf8 29. g4 fxg4 30. Qxg4 Bh4 31. Rh2 Be7 32. Rg2 Bh4 33. Kh2 g5 34. hxg6 Kg7 35. Qh5 a5 36. f5 1-0

[Event "Minsk Inautomarket op"]
[Site "Minsk"]
[Date "2006.07.16"]
[Round "7"]
[White "Zhigalko, Andrey"]
[Black "Zhigalko, Sergei"]
[Result "0-1"]
[WhiteElo "2542"]
[BlackElo "2487"]
[PlyCount "90"]
[EventDate "2006.07.10"]
[EventType "swiss"]
[EventRounds "9"]
[EventCountry "BLR"]
[SourceTitle "CBM 113 Extra"]
[Source "ChessBase"]
[SourceDate "2006.09.14"]
[SourceVersion "1"]
[SourceVersionDate "2006.09.14"]
[SourceQuality "1"]

1. Nf3 d5 2. d4 c6 3. c4 e6 4. Nc3 dxc4 5. a4 Bb4 6. e3 b5 7. Bd2 a5 8. axb5 Bxc3 9. Bxc3 cxb5 10. b3 Bb7 11. bxc4 b4 12. Bb2 Nf6 13. Bd3 Nbd7 14. O-O O-O 15. Nd2 e5 16. Bc2 Qc7 17. f4 exd4 18. exd4 Rfe8 19. d5 Rac8 20. Rc1 Qb6+ 21. Kh1 Ba6 22. Bf5 Rcd8 23. Nf3 Nc5 24. Bd4 Bc8 25. Bxc8 Rxc8 26. Ne5 Nfe4 27. Re1 Qd6 28. Qh5 Re7 29. Qg4 f5 30. Qxf5 Rf8 31. Qg4 Nb3 32. Rcd1 Nxd4 33. Rxe4 Nb3 34. Ree1 Nc5 35. g3 b3 36. Qf3 a4 37. Qc3 a3 38. Rb1 Rb7 39. Nc6 a2 40. Rb2 Na4 41. Qxb3 Rxb3 42. Rxb3 Qc5 43. Ne5 Ra8 44. Nf3 Qf2 45. Ra1 Nc5 0-1

[Event "Minsk Inautomarket op"]
[Site "Minsk"]
[Date "2006.07.17"]
[Round "8"]
[White "Zhigalko, Sergei"]
[Black "Azarov, Sergei Nikolaevich"]
[Result "1/2-1/2"]
[WhiteElo "2487"]
[BlackElo "2579"]
[PlyCount "25"]
[EventDate "2006.07.10"]
[EventType "swiss"]
[EventRounds "9"]
[EventCountry "BLR"]
[SourceTitle "CBM 113 Extra"]
[Source "ChessBase"]
[SourceDate "2006.09.14"]
[SourceVersion "1"]
[SourceVersionDate "2006.09.14"]
[SourceQuality "1"]

1. e4 e5 2. Nf3 Nc6 3. Bb5 a6 4. Ba4 Nf6 5. O-O Be7 6. Re1 b5 7. Bb3 O-O 8. h3 Bb7 9. d3 d6 10. a3 Na5 11. Ba2 c5 12. Nc3 Nc6 13. Nd5 1/2-1/2

[Event "Minsk Inautomarket op"]
[Site "Minsk"]
[Date "2006.07.18"]
[Round "9"]
[White "Vysochin, Spartak"]
[Black "Zhigalko, Sergei"]
[Result "1/2-1/2"]
[WhiteElo "2555"]
[BlackElo "2487"]
[PlyCount "21"]
[EventDate "2006.07.10"]
[EventType "swiss"]
[EventRounds "9"]
[EventCountry "BLR"]
[SourceTitle "CBM 113 Extra"]
[Source "ChessBase"]
[SourceDate "2006.09.14"]
[SourceVersion "1"]
[SourceVersionDate "2006.09.14"]
[SourceQuality "1"]

1. e4 c5 2. Nf3 Nc6 3. Bb5 g6 4. Bxc6 dxc6 5. d3 Bg7 6. Nc3 e5 7. Be3 Qd6 8. h3 Nf6 9. Qd2 O-O 10. Bh6 a5 11. Bxg7 1/2-1/2

[Event "Pardubice op-A"]
[Site "Pardubice"]
[Date "2006.07.21"]
[Round "1"]
[White "Okara, Andrey"]
[Black "Zhigalko, Sergei"]
[Result "0-1"]
[WhiteElo "2271"]
[BlackElo "2487"]
[PlyCount "60"]
[EventDate "2006.07.21"]
[EventType "swiss"]
[EventRounds "9"]
[EventCountry "CZE"]
[SourceTitle "CBM 113 Extra"]
[Source "ChessBase"]
[SourceDate "2006.09.14"]
[SourceVersion "1"]
[SourceVersionDate "2006.09.14"]
[SourceQuality "1"]

1. e4 c5 2. Nf3 Nc6 3. d4 cxd4 4. Nxd4 Nf6 5. Nc3 e5 6. Ndb5 d6 7. Bg5 a6 8. Na3 b5 9. Bxf6 gxf6 10. Nd5 Bg7 11. g3 f5 12. Bg2 fxe4 13. Bxe4 Be6 14. Qh5 Rc8 15. c3 Ne7 16. Rd1 Nxd5 17. Bxd5 O-O 18. Nc2 Qd7 19. Ne3 f5 20. O-O Kh8 21. Rd2 Bxd5 22. Nxd5 Rb8 23. Rfd1 a5 24. a3 f4 25. gxf4 Rf5 26. Qg4 Qf7 27. Re2 Bh6 28. Qh4 Bxf4 29. h3 Rg8+ 30. Kf1 Bg3 0-1

[Event "Pardubice op-A"]
[Site "Pardubice"]
[Date "2006.07.22"]
[Round "2"]
[White "Zhigalko, Sergei"]
[Black "Kryschilovskij, Andrej"]
[Result "1-0"]
[WhiteElo "2487"]
[BlackElo "2357"]
[PlyCount "77"]
[EventDate "2006.07.21"]
[EventType "swiss"]
[EventRounds "9"]
[EventCountry "CZE"]
[SourceTitle "CBM 113 Extra"]
[Source "ChessBase"]
[SourceDate "2006.09.14"]
[SourceVersion "1"]
[SourceVersionDate "2006.09.14"]
[SourceQuality "1"]

1. e4 e5 2. Nf3 Nc6 3. Bb5 a6 4. Ba4 Nf6 5. O-O Be7 6. Re1 b5 7. Bb3 d6 8. c3 O-O 9. h3 Nb8 10. d4 Nbd7 11. Nbd2 Bb7 12. Bc2 Re8 13. Nf1 Bf8 14. Ng3 g6 15. b3 Bg7 16. d5 Qe7 17. Be3 c5 18. a4 bxa4 19. Rxa4 Reb8 20. Bd3 Bc8 21. Nd2 Nb6 22. Ra5 Ne8 23. b4 cxb4 24. cxb4 Nc7 25. Qc2 Rb7 26. Rc1 Nd7 27. Ra3 Nf6 28. Rc3 Nfe8 29. Nb3 f5 30. Na5 f4 31. Nxb7 fxe3 32. Rxc7 exf2+ 33. Kf1 Nxc7 34. Qxc7 Bd7 35. Qxd6 Qg5 36. Ne2 Bg4 37. hxg4 Rf8 38. Qe6+ Kh8 39. Rc8 1-0